| 000 | 01488cam a2200289 i 4500 | ||
|---|---|---|---|
| 001 | 12554433 | ||
| 005 | 20251002155642.0 | ||
| 008 | 201023s2021 nyu e 000 0 eng d | ||
| 020 | _a9781982154813 | ||
| 035 | _a(OCoLC)on1201300867 | ||
| 035 | _a(CaBVaU)12554433 | ||
| 040 |
_aYDX _beng _cYDX _erda _dBDX _dUKMGB _dOCLCO _dOCLCF _dJBZ _dVVW _dBKL _dOCLCO _dUtOrBLW |
||
| 041 | _aeng | ||
| 050 | 4 |
_aHD30.28 _b.B4585 2021 |
|
| 100 |
_aBet-David, Patrick _eauthor _925981 |
||
| 245 | 1 | 0 |
_aYour next five moves _b: master the art of business strategy _c/ Patrick Bet-David ; with Greg Dinkin. |
| 246 | 3 | _aYour next 5 moves | |
| 260 |
_aNew York, NY : _bGallery Books, _c2021. |
||
| 300 |
_axxii, 293 pages : _billustrations ; _c22 cm |
||
| 504 | _aIncludes bibliographical references. | ||
| 520 | _aBoth successful entrepreneurs and chess grandmasters have the vision to look at the pieces in front of them and anticipate their next five moves. In this book, Patrick Bet-David "helps entrepreneurs understand exactly what they need to do next" (Brian Tracy, author of Eat That Frog!) by translating this skill into a valuable methodology. Whether you feel like you've hit a wall, lost your fire, or are looking for innovative strategies to take your business to the next level, Your Next Five Moves has the answers. | ||
| 650 | 0 |
_aStrategic planning _93573 |
|
| 650 | 0 |
_aEntrepreneurship _9570 |
|
| 650 | 0 |
_aSuccess in business _91506 |
|
| 700 |
_aDinkin, Greg _925982 _eauthor |
||
| 942 | _2lcc | ||
| 999 |
_c4998 _d4998 |
||